KOHA-Header-6

Principles of Leadership (Record no. 1522)

000 -LEADER
fixed length control field 00323nam a2200133Ia 4500
008 - FIXED-LENGTH DATA ELEMENTS--GENERAL INFORMATION
fixed length control field 190723s9999 xx 000 0 und d
020 ## - INTERNATIONAL STANDARD BOOK NUMBER
International Standard Book Number 978-81-315-2494-7
100 ## - MAIN ENTRY--PERSONAL NAME
Personal name Andrew J. Dubrin
245 #0 - TITLE STATEMENT
Title Principles of Leadership
250 ## - EDITION STATEMENT
Edition statement 7th
260 ## - PUBLICATION, DISTRIBUTION, ETC. (IMPRINT)
Place of publication, distribution, etc Andover
Name of publisher, distributor, etc Cengage learning
Date of publication, distribution, etc 2013
300 ## - PHYSICAL DESCRIPTION
Extent 534:p
942 ## - ADDED ENTRY ELEMENTS (KOHA)
Koha item type Books
Holdings
Withdrawn status Lost status Damaged status Not for loan Collection code Permanent Location Current Location Shelving location Date acquired Full call number Barcode Date last seen Price effective from Koha item type
        Management MAJU MAJU   2019-07-23 658.409 8145 2019-07-23 2019-07-23 Management

Powered by Koha